Applied Soft Computing

Guardado en:
Detalles Bibliográficos
Formato: Seriadas
Lenguaje:inglés
Publicado: Amsterdam Elsevier Science Publishers B.V.
Etiquetas: Agregar Etiqueta
Sin Etiquetas, Sea el primero en etiquetar este registro!

MARC

LEADER 00000nas1a2200000 4500
001 0269913
005 20250701092103.4
022 |a 1872-9681 
022 |a 1568-4946 
041 0 |a eng 
044 |a NL 
245 1 0 |a Applied Soft Computing 
264 1 |a Amsterdam  |b Elsevier Science Publishers B.V.